| 000 | 00362nam a2200157Ia 4500 | ||
|---|---|---|---|
| 008 | 210210b1947 xxu||||| |||| 00| 0 eng d | ||
| 041 | _aeng | ||
| 082 | _a829/586 | ||
| 100 | _aHORSLEY (T) | ||
| 245 | _aSporting pageant | ||
| 260 |
_aLondon _bNot Mentioned _c1947 |
||
| 650 | _aSporting | ||
| 650 | _apageant | ||
| 690 | _aEnglish Fiction | ||
| 906 | _a017186 | ||
| 999 |
_c137144 _d137144 |
||